Statistics for SZA - Supermodel (All Lyrics)

Click here to take the quiz!

General Stats

  • This quiz has been taken 205 times
  • The average score is 286 of 355

Answer Stats

Answer% Correct
I
98%
you.
97%
you
97%
You
97%
you,
97%
a
96%
to
96%
be
93%
your
93%
it
92%
It
92%
know
92%
know,
92%
me
92%
me,
92%
can
91%
do
91%
let
90%
Let
90%
and
89%
I'm
89%
in
89%
no
89%
no,
89%
so
89%
that?
89%
that,
89%
That
89%
that
89%
my
88%
too
88%
got
87%
lick
87%
not
87%
real,
87%
she
87%
shit
87%
supermodel
86%
did
85%
for
85%
if,
85%
If
85%
if
85%
new
85%
this
85%
Why
85%
why
85%
by
84%
is
83%
can't
81%
come
81%
don't
81%
hoe
81%
like
81%
need
81%
Oh,
81%
Ooh
81%
"Ooh
81%
see
81%
with
81%
even
80%
hobbies,
80%
homies,
80%
leaving
80%
letter
80%
maybe
80%
Maybe
80%
really
80%
Heard
79%
All
78%
all
78%
get
78%
just
78%
just,
78%
keeping
78%
Day?
77%
done,
77%
done
77%
easy
77%
homeboy
77%
Leave
77%
secret
77%
some
77%
we
77%
what's
77%
writing
77%
believe
76%
I've
76%
secretly
76%
yes
76%
am
75%
attention
75%
been
75%
tell
75%
Valentine's
75%
again
74%
didn't,
74%
myself
74%
myself?
74%
prettier
74%
banging
73%
forget
73%
help
73%
nothing
73%
Vegas
73%
much
72%
up
72%
women
72%
could
71%
on
71%
want
71%
after
70%
else
68%
lonely
68%
the
68%
the,
68%
wrong
67%
I'll
66%
stay
66%
we're
66%
was
65%
but
61%
But
61%
comfortable
61%
control,
61%
they
61%
Wish
61%
have
60%
alone
59%
brother
59%
fuckin'
58%
good
58%
sister
58%
lost
56%
or
56%
would
54%
of
53%
bet
52%
load
52%
together,
52%
fear
51%
look
51%
chemistry"
50%
greatest
50%
love
50%
say
49%
fatal
48%
right
48%
them,
48%
dick
47%
things
46%
temporary
42%
that's
41%
lover
40%
feel
38%
made
37%
stayed
32%

Score Distribution

Percentile by Number Answered

Percent of People with Each Score

Your Score History

You have not taken this quiz